[Event "Orsha op-A 21st"]
[Site "Orsha"]
[Date "2023.01.23"]
[Round "6"]
[White "Vlassow, Valentin"]
[Black "Dambaev, Dashi"]
[Result "0-1"]
[WhiteElo "2224"]
[BlackElo "1611"]
[PlyCount "66"]
[EventDate "2023.01.19"]
[EventType "swiss"]
[EventRounds "9"]
[EventCountry "BLR"]
[SourceTitle "CBM 212 Extra"]
[Source "ChessBase"]
[SourceDate "2023.03.31"]
[SourceVersion "1"]
[SourceVersionDate "2023.03.31"]
[SourceQuality "1"]

1. d4 Nf6 2. Bg5 Ne4 3. Bh4 c5 4. f3 g5 5. fxe4 gxh4 6. e3 Nc6 7. Nc3 Bh6 8. Kf2 Bxe3+ 9. Kxe3 cxd4+ 10. Kf2 dxc3 11. bxc3 Qb6+ 12. Ke2 d6 13. Kd2 Be6 14. Nf3 0-0-0 15. Bd3 Rhg8 16. Qg1 Qa5 17. Qf2 h3 18. gxh3 Bxh3 19. Rhg1 Bg4 20. Nd4 Nxd4 21. Qxd4 Qg5+ 22. Qe3 Qxe3+ 23. Kxe3 Be6 24. a3 f6 25. Rg3 Kc7 26. Rag1 Rxg3+ 27. hxg3 h5 28. Be2 Bf7 29. Rh1 Rg8 30. Bxh5 Bxh5 31. Rxh5 Rxg3+ 32. Kd4 Kc6 33. Rh4 b5 0-1

[Event "RUS-ch Rapid"]
[Site "Sochi"]
[Date "2021.10.12"]
[Round "2"]
[White "Vlassow, Valentin"]
[Black "Savchenko, Boris"]
[Result "1-0"]
[WhiteElo "2238"]
[BlackElo "2535"]
[PlyCount "139"]
[EventDate "2021.10.12"]
[EventType "swiss (rapid)"]
[EventRounds "11"]
[EventCountry "RUS"]
[SourceTitle "CBM 204 Extra"]
[Source "ChessBase"]
[SourceDate "2021.11.30"]
[SourceVersion "1"]
[SourceVersionDate "2021.11.30"]
[SourceQuality "1"]

1. e4 c5 2. Nf3 d6 3. Bb5+ Bd7 4. Bxd7+ Qxd7 5. 0-0 Nf6 6. Re1 Nc6 7. c3 e6 8. d4 cxd4 9. cxd4 d5 10. e5 Ng8 11. b3 b5 12. Nc3 a6 13. a4 Rb8 14. axb5 axb5 15. Qe2 Qb7 16. Be3 Nge7 17. Rec1 h6 18. Ne1 Kd7 19. Qf3 Nf5 20. Nxd5 Ncxd4 21. Bxd4 Qxd5 22. Ra7+ Ke8 23. Qxd5 exd5 24. Nf3 h5 25. Rcc7 Rh6 26. h3 Re6 27. Rxf7 Nxd4 28. Nxd4 Rxe5 29. Nf5 g5 30. Ng7+ Bxg7 31. Rxg7 Kf8 32. Rh7 Kg8 33. Rxh5 Rf8 34. h4 Re1+ 35. Kh2 gxh4 36. Rxd5 Rxf2 37. Rxb5 Ree2 38. Rb8+ Rf8 39. Rb4 Rff2 40. Rg4+ Kf8 41. Rh7 Rb2 42. b4 Rb3 43. Rhxh4 Rfb2 44. Rh8+ Kf7 45. Rb8 Rf3 46. Rb6 Rfb3 47. Rc4 Ke8 48. Rb7 Kd8 49. Rg4 Kc8 50. Rf7 Rd2 51. Rg8+ Rd8 52. Rxd8+ Kxd8 53. Rf4 Ke7 54. g3 Ke6 55. Kh3 Kd5 56. Kh4 Ke5 57. Rc4 Kd5 58. Rg4 Ke6 59. Rg6+ Kd7 60. Rb6 Kc7 61. Rb5 Kc6 62. Rc5+ Kd6 63. Rc4 Kd5 64. Rg4 Ke6 65. Kg5 Ke5 66. Kg6 Ke6 67. Kg7 Kf5 68. Rg6 Rxb4 69. Kh6 Rg4 70. Rxg4 1-0

[Event "RUS-ch Blitz"]
[Site "Sochi"]
[Date "2021.10.11"]
[Round "5"]
[White "Iljiushenok, Ilia"]
[Black "Vlassow, Valentin"]
[Result "1-0"]
[WhiteElo "2554"]
[BlackElo "2238"]
[PlyCount "103"]
[EventDate "2021.10.11"]
[EventType "swiss (blitz)"]
[EventRounds "13"]
[EventCountry "RUS"]
[SourceTitle "CBM 204 Extra"]
[Source "ChessBase"]
[SourceDate "2021.11.30"]
[SourceVersion "1"]
[SourceVersionDate "2021.11.30"]
[SourceQuality "1"]

1. e4 Nf6 2. e5 Nd5 3. d4 d6 4. c4 Nb6 5. f4 dxe5 6. fxe5 c5 7. d5 g6 8. Nc3 Bg7 9. Bf4 0-0 10. Qd2 e6 11. 0-0-0 exd5 12. cxd5 Bg4 13. Nf3 c4 14. Bh6 Bxf3 15. Bxg7 Kxg7 16. gxf3 N8d7 17. Qd4 Kg8 18. h4 Qc7 19. f4 Qc5 20. h5 Qxd4 21. Rxd4 Rac8 22. hxg6 hxg6 23. Bh3 Kg7 24. e6 fxe6 25. dxe6 Nc5 26. e7 Rh8 27. Re1 Rce8 28. Bf1 Kf7 29. Ne4 Nxe4 30. Rdxe4 Rh4 31. a4 a5 32. Re6 Rxf4 33. Rxb6 Rxe7 34. Rxe7+ Kxe7 35. Be2 g5 36. Rg6 Re4 37. Kd2 c3+ 38. bxc3 Rxa4 39. Rxg5 Kd6 40. Rb5 Kc7 41. Bf3 b6 42. Kd3 Rf4 43. Be4 Rf6 44. Rh5 Rf7 45. Rh6 Rd7+ 46. Kc4 a4 47. Bc6 Rg7 48. Bxa4 Kb7 49. Bc6+ Ka7 50. Be4 Rc7+ 51. Kb4 Re7 52. Rh7 1-0

[Event "Bryansk Zilberstein Memorial 5th"]
[Site "Bryansk"]
[Date "2021.07.31"]
[Round "9"]
[White "Aleksandrov, Aleksej"]
[Black "Vlassow, Valentin"]
[Result "1-0"]
[WhiteElo "2535"]
[BlackElo "2238"]
[PlyCount "35"]
[EventDate "2021.07.29"]
[EventType "swiss (rapid)"]
[EventRounds "11"]
[EventCountry "RUS"]
[SourceTitle "CBM 203 Extra"]
[Source "ChessBase"]
[SourceDate "2021.09.30"]
[SourceVersion "1"]
[SourceVersionDate "2021.09.30"]
[SourceQuality "1"]

1. d4 d5 2. c4 dxc4 3. Nf3 Nf6 4. e3 Bg4 5. Bxc4 e6 6. Nbd2 Nbd7 7. Qb3 Rb8 8. 0-0 c5 9. e4 cxd4 10. e5 Nc5 11. exf6 gxf6 12. Bb5+ Ke7 13. Qa3 b6 14. b4 Nb7 15. h3 Bf5 16. Bd3 Bg6 17. Bb2 e5 18. Rfe1 1-0

[Event "Bryansk Zilberstein Memorial 5th"]
[Site "Bryansk"]
[Date "2021.07.31"]
[Round "10"]
[White "Vlassow, Valentin"]
[Black "Usov, Aleksandr E"]
[Result "1/2-1/2"]
[WhiteElo "2238"]
[BlackElo "2151"]
[PlyCount "103"]
[EventDate "2021.07.29"]
[EventType "swiss (rapid)"]
[EventRounds "11"]
[EventCountry "RUS"]
[SourceTitle "CBM 203 Extra"]
[Source "ChessBase"]
[SourceDate "2021.09.30"]
[SourceVersion "1"]
[SourceVersionDate "2021.09.30"]
[SourceQuality "1"]

1. d4 d5 2. Bf4 Nf6 3. e3 c5 4. dxc5 Nc6 5. Bb5 Bd7 6. Ne2 e6 7. Bxc6 Bxc6 8. b4 a5 9. c3 axb4 10. cxb4 b6 11. Nd4 Ba4 12. Qc1 bxc5 13. bxc5 Qa5+ 14. Nd2 Ne4 15. Bd6 Nxd6 16. cxd6 Bxd6 17. 0-0 0-0 18. N2b3 Qd8 19. Qd2 Qh4 20. h3 Qe7 21. Rfc1 g6 22. Rab1 Rfc8 23. Rxc8+ Rxc8 24. Rc1 Ra8 25. Rc2 h5 26. Qc1 Bd7 27. Qd2 Qd8 28. Nf3 Bb5 29. Qd4 Ra4 30. Qc3 Bb4 31. Qe5 Bd3 32. Rb2 Qa8 33. Nc5 Bxc5 34. Rb8+ Bf8 35. Rxa8 Rxa8 36. Qc7 Bg7 37. a4 Bf6 38. a5 Bc4 39. e4 dxe4 40. Qxc4 exf3 41. a6 Kg7 42. Qc6 Ra7 43. Qb6 Rd7 44. a7 Bd4 45. Qxd4+ Rxd4 46. a8Q Rd1+ 47. Kh2 fxg2 48. Kxg2 Rd5 49. Kg3 Rf5 50. Qd8 Rd5 51. Qe7 Rf5 52. f4 1/2-1/2

[Event "Bryansk Zilberstein Memorial 5th"]
[Site "Bryansk"]
[Date "2021.07.29"]
[Round "2"]
[White "Vlassow, Valentin"]
[Black "Matlakov, Maxim"]
[Result "0-1"]
[WhiteElo "2238"]
[BlackElo "2688"]
[PlyCount "46"]
[EventDate "2021.07.29"]
[EventType "swiss (rapid)"]
[EventRounds "11"]
[EventCountry "RUS"]
[SourceTitle "CBM 203 Extra"]
[Source "ChessBase"]
[SourceDate "2021.09.30"]
[SourceVersion "1"]
[SourceVersionDate "2021.09.30"]
[SourceQuality "1"]

1. e4 c5 2. Nf3 d6 3. Bb5+ Nd7 4. d4 cxd4 5. Qxd4 a6 6. Bxd7+ Bxd7 7. c4 e6 8. Nc3 Nf6 9. Bg5 Bc6 10. 0-0 Be7 11. Rfd1 0-0 12. Rac1 Qa5 13. Re1 Rac8 14. h3 Rfd8 15. Qd2 Kf8 16. Nd4 Be8 17. b3 b5 18. cxb5 axb5 19. e5 dxe5 20. Rxe5 Qb4 21. Be3 Qd6 22. Nf3 Qxd2 23. Bxd2 Ba3 0-1

[Event "EU-ch blitz"]
[Site "Tallinn"]
[Date "2019.12.07"]
[Round "18"]
[White "Krupenski, Juri"]
[Black "Vlassow, Valentin"]
[Result "0-1"]
[WhiteElo "2413"]
[BlackElo "2265"]
[PlyCount "90"]
[EventDate "2019.12.07"]
[EventType "swiss (blitz)"]
[EventRounds "22"]
[EventCountry "EST"]
[SourceTitle "CBM 193 Extra"]
[Source "ChessBase"]
[SourceDate "2020.01.31"]
[SourceVersion "1"]
[SourceVersionDate "2020.01.31"]
[SourceQuality "1"]

1. d4 d5 2. c4 Bf5 3. Nc3 e6 4. Bf4 Nf6 5. e3 Be7 6. cxd5 exd5 7. Bd3 Bxd3 8. Qxd3 0-0 9. Nge2 c6 10. 0-0-0 Nbd7 11. f3 Qa5 12. Kb1 Rfe8 13. g4 Nb6 14. b3 Qa3 15. Bc7 Qb4 16. Ng3 a5 17. Bxb6 Qxb6 18. Na4 Qb4 19. Qc3 b5 20. Qxb4 Bxb4 21. Nb2 Rxe3 22. Rhf1 g6 23. Nd3 Bd6 24. g5 Nd7 25. f4 a4 26. Rfe1 Rae8 27. Ne5 Rxe1 28. Rxe1 Bxe5 29. fxe5 axb3 30. axb3 c5 31. Ne2 b4 32. Nf4 cxd4 33. Nxd5 Rxe5 34. Rxe5 Nxe5 35. Nxb4 f6 36. gxf6 Kf7 37. Nd5 Ke6 38. Nf4+ Kxf6 39. Kc2 g5 40. Nh5+ Kf5 41. b4 Ke4 42. Nf6+ Ke3 43. Nxh7 Ke2 44. Nxg5 d3+ 45. Kc3 d2 0-1

[Event "EU-ch blitz"]
[Site "Tallinn"]
[Date "2019.12.07"]
[Round "13"]
[White "Putka, Verner"]
[Black "Vlassow, Valentin"]
[Result "1-0"]
[WhiteElo "2448"]
[BlackElo "2265"]
[PlyCount "113"]
[EventDate "2019.12.07"]
[EventType "swiss (blitz)"]
[EventRounds "22"]
[EventCountry "EST"]
[SourceTitle "CBM 193 Extra"]
[Source "ChessBase"]
[SourceDate "2020.01.31"]
[SourceVersion "1"]
[SourceVersionDate "2020.01.31"]
[SourceQuality "1"]

1. d4 d5 2. Nf3 Bf5 3. g3 e6 4. Bg2 Nf6 5. 0-0 Be7 6. c4 c6 7. Nc3 Nbd7 8. Nd2 0-0 9. e4 dxe4 10. Ndxe4 Nxe4 11. Nxe4 Nf6 12. Nc3 Qb6 13. c5 Qd8 14. Be3 Nd5 15. Qb3 Qd7 16. Rad1 Rad8 17. Bc1 Bf6 18. Ne4 Bxe4 19. Bxe4 h6 20. Bb1 Be7 21. Qc2 Nf6 22. Bf4 Qd5 23. Rfe1 Qf3 24. Re3 Qh5 25. Rde1 Rd5 26. Re5 Rxe5 27. dxe5 g6 28. exf6 Bxf6 29. b4 Rd8 30. Bd6 Qg4 31. Qe4 Qh5 32. Bc2 Rd7 33. Bb3 Qh3 34. Qf3 Kg7 35. Bc4 e5 36. Bf1 Qe6 37. a3 h5 38. h4 a6 39. Kh2 Rd8 40. Bh3 Qa2 41. Re2 Qa1 42. Qe3 Re8 43. Bg2 Re6 44. Be4 Qf1 45. Re1 Qc4 46. Qd3 Qa2 47. Re2 Qa1 48. Kg2 Qc1 49. Bf3 Qa1 50. Qb3 Re8 51. a4 Re6 52. b5 axb5 53. axb5 cxb5 54. Bxb7 Qa7 55. Bd5 Re8 56. Qxb5 Qa1 57. Qb7 1-0

[Event "EU-ch blitz"]
[Site "Tallinn"]
[Date "2019.12.07"]
[Round "22"]
[White "Szadkowski, Kamil"]
[Black "Vlassow, Valentin"]
[Result "1-0"]
[WhiteElo "2095"]
[BlackElo "2265"]
[PlyCount "127"]
[EventDate "2019.12.07"]
[EventType "swiss (blitz)"]
[EventRounds "22"]
[EventCountry "EST"]
[SourceTitle "CBM 193 Extra"]
[Source "ChessBase"]
[SourceDate "2020.01.31"]
[SourceVersion "1"]
[SourceVersionDate "2020.01.31"]
[SourceQuality "1"]

1. e4 g6 2. d4 Bg7 3. Nc3 c5 4. Nf3 cxd4 5. Nxd4 Nc6 6. Be3 Nf6 7. Nxc6 bxc6 8. e5 Nd5 9. Nxd5 cxd5 10. Qxd5 Rb8 11. Bc4 0-0 12. Bb3 Bb7 13. Qd4 Bxg2 14. Rg1 Bc6 15. 0-0-0 d6 16. Qh4 Bxe5 17. Bd4 Bxd4 18. Rxd4 e5 19. Qh6 Qf6 20. Rh4 Qg7 21. Qd2 d5 22. Rhg4 Bd7 23. R4g3 Be6 24. h4 h5 25. Rg5 Bg4 26. Qxd5 Kh7 27. Rxe5 Be6 28. Qe4 Qh6+ 29. Kb1 Bxb3 30. axb3 Rb6 31. Re7 Rf6 32. Rg5 Rxf2 33. Rxa7 Kg8 34. Qd5 Qg7 35. Ra6 Rf6 36. Ra7 Rf1+ 37. Ka2 Qf6 38. b4 Rf2 39. c3 Kg7 40. Qe5 Qxe5 41. Rxe5 Rf4 42. b5 Rxh4 43. b6 Rb8 44. Ree7 Rf4 45. b7 h4 46. Ra8 Rxb7 47. Rxb7 h3 48. Kb3 g5 49. Rb5 g4 50. Rg5+ Kf6 51. Rag8 h2 52. Rh5 Ke6 53. Rxh2 f5 54. c4 Rf3+ 55. Kb4 g3 56. Rh6+ Ke5 57. Rhg6 f4 58. c5 Rf2 59. b3 Ke4 60. c6 Kf3 61. c7 Rc2 62. c8Q Rxc8 63. Rxc8 g2 64. Rxg2 1-0

[Event "EU-ch blitz"]
[Site "Tallinn"]
[Date "2019.12.07"]
[Round "17"]
[White "Vlassow, Valentin"]
[Black "Krupenski, Juri"]
[Result "1-0"]
[WhiteElo "2265"]
[BlackElo "2413"]
[PlyCount "43"]
[EventDate "2019.12.07"]
[EventType "swiss (blitz)"]
[EventRounds "22"]
[EventCountry "EST"]
[SourceTitle "CBM 193 Extra"]
[Source "ChessBase"]
[SourceDate "2020.01.31"]
[SourceVersion "1"]
[SourceVersionDate "2020.01.31"]
[SourceQuality "1"]

1. e4 c6 2. d4 d5 3. exd5 cxd5 4. Bf4 Nc6 5. c3 Nf6 6. Bd3 Bg4 7. Qb3 e5 8. dxe5 Nh5 9. Qa4 d4 10. Bc1 Qd5 11. Ne2 Qxg2 12. Rg1 Qf3 13. Nxd4 Qxd3 14. Rxg4 0-0-0 15. Nxc6 bxc6 16. Be3 Qd5 17. Qa6+ Kc7 18. Qxa7+ Kc8 19. Qa6+ Kb8 20. Ba7+ Kc7 21. Bb6+ Kd7 22. Rd4 1-0

[Event "EU-ch rapid"]
[Site "Tallinn"]
[Date "2019.12.06"]
[Round "10"]
[White "Nasibullin, Iskander"]
[Black "Vlassow, Valentin"]
[Result "1/2-1/2"]
[WhiteElo "2270"]
[BlackElo "2394"]
[PlyCount "131"]
[EventDate "2019.12.05"]
[EventType "swiss"]
[EventRounds "13"]
[EventCountry "EST"]
[SourceTitle "CBM 193 Extra"]
[Source "ChessBase"]
[SourceDate "2020.01.31"]
[SourceVersion "1"]
[SourceVersionDate "2020.01.31"]
[SourceQuality "1"]

1. e4 Nf6 2. e5 Nd5 3. d4 d6 4. Nf3 dxe5 5. Nxe5 c6 6. Bc4 Nd7 7. Nf3 g6 8. 0-0 Bg7 9. Re1 0-0 10. Bb3 Re8 11. c4 N5b6 12. Nc3 e5 13. Bg5 Qc7 14. c5 Nd5 15. Bxd5 cxd5 16. Nxd5 Qb8 17. dxe5 Nxc5 18. Nf6+ Bxf6 19. Bxf6 Bg4 20. Qc1 Bxf3 21. Qxc5 Bc6 22. Qe3 Re6 23. Rad1 Qf8 24. Rd4 Rae8 25. Qd2 Qc5 26. Rc1 Qf8 27. f4 h6 28. f5 gxf5 29. Qf2 Be4 30. Rc3 Kh7 31. Rg3 Rxe5 32. Rg7+ Qxg7 33. Bxg7 Kxg7 34. Rd6 R5e6 35. Qd4+ Kg8 36. Rxe6 Rxe6 37. Qxa7 Rc6 38. Qe3 Rc2 39. Qxh6 Rxg2+ 40. Kf1 Rxb2 41. Qg5+ Kh7 42. Qh4+ Kg8 43. Qg3+ Kh7 44. Qc7 Kg6 45. Qd6+ f6 46. a3 Rb1+ 47. Kf2 Rb2+ 48. Ke3 Rb3+ 49. Ke2 Rb2+ 50. Ke1 Rb1+ 51. Kd2 Rb3 52. Qf8 Rd3+ 53. Ke2 f4 54. Qe8+ Kf5 55. Qc8+ Kg5 56. Qg8+ Kf5 57. Qh7+ Ke5 58. Qe7+ Kf5 59. Qc5+ Kg4 60. Qc8+ Kg5 61. Qg8+ Kf5 62. Qh7+ Ke5 63. Qc7+ Kf5 64. Qh7+ Ke5 65. Qe7+ Kf5 66. Qh7+ 1/2-1/2

[Event "EU-ch rapid"]
[Site "Tallinn"]
[Date "2019.12.05"]
[Round "6"]
[White "Krivenko, Sergey"]
[Black "Vlassow, Valentin"]
[Result "0-1"]
[WhiteElo "2233"]
[BlackElo "2394"]
[PlyCount "88"]
[EventDate "2019.12.05"]
[EventType "swiss"]
[EventRounds "13"]
[EventCountry "EST"]
[SourceTitle "CBM 193 Extra"]
[Source "ChessBase"]
[SourceDate "2020.01.31"]
[SourceVersion "1"]
[SourceVersionDate "2020.01.31"]
[SourceQuality "1"]

1. d4 d5 2. c4 dxc4 3. Nf3 Nf6 4. e3 Bg4 5. Bxc4 e6 6. Nc3 Nc6 7. Be2 Bd6 8. Nd2 Bxe2 9. Qxe2 0-0 10. 0-0 e5 11. d5 Ne7 12. e4 c6 13. dxc6 Nxc6 14. Nf3 Nd4 15. Qd1 Bb4 16. Bg5 Nxf3+ 17. Qxf3 Bxc3 18. bxc3 Qe7 19. Rfd1 Rfd8 20. Rxd8+ Rxd8 21. Rd1 Rxd1+ 22. Qxd1 Qd7 23. Qxd7 Nxd7 24. Be3 Kf8 25. Kf1 Ke7 26. Ke2 Kd6 27. Kd3 Nc5+ 28. Kc4 Nxe4 29. Bxa7 Kc6 30. f3 Nd6+ 31. Kb4 Kd5 32. Bb8 Nc4 33. Kb5 f5 34. a4 e4 35. fxe4+ fxe4 36. Bf4 h6 37. h4 h5 38. Bg5 e3 39. Bxe3 Nxe3 40. Kb6 Nxg2 41. Kxb7 Nxh4 42. a5 Nf5 43. Kc7 Ne7 44. c4+ Kc5 0-1

[Event "Orsha blitz op"]
[Site "Orsha"]
[Date "2019.01.19"]
[Round "10"]
[White "Bury, Gleb Maximovich"]
[Black "Vlassow, Valentin"]
[Result "0-1"]
[WhiteElo "1998"]
[BlackElo "2309"]
[PlyCount "148"]
[EventDate "2019.01.19"]
[EventType "swiss (blitz)"]
[EventRounds "10"]
[EventCountry "BLR"]
[SourceTitle "CBM 189 Extra"]
[Source "ChessBase"]
[SourceDate "2019.06.03"]
[SourceVersion "1"]
[SourceVersionDate "2019.06.03"]
[SourceQuality "1"]

1. Nf3 d5 2. g3 Nf6 3. Bg2 c6 4. 0-0 Bg4 5. b3 Nbd7 6. Bb2 e6 7. h3 Bxf3 8. exf3 Bd6 9. d3 0-0 10. f4 a5 11. a4 e5 12. fxe5 Bxe5 13. Qc1 Re8 14. Nd2 Qb6 15. Nf3 Bxb2 16. Qxb2 Re7 17. Rfe1 Rae8 18. Rxe7 Rxe7 19. Re1 Qb4 20. Rxe7 Qxe7 21. Qc3 Qc5 22. Qxc5 Nxc5 23. h4 Kf8 24. Bh3 Ke7 25. Kf1 Ne8 26. Ke2 Nd6 27. Nd4 g6 28. f3 f5 29. f4 Nd7 30. Nf3 Nf7 31. Ke3 Kd6 32. Bg2 Nc5 33. Nd2 b5 34. d4 Nd7 35. axb5 cxb5 36. Bf1 Kc6 37. Bd3 Nd6 38. h5 a4 39. bxa4 bxa4 40. c4 dxc4 41. Nxc4 Nb6 42. Ne5+ Kd5 43. Bb1 Ndc4+ 44. Kd3 Nxe5+ 45. dxe5 gxh5 46. Ba2+ Kc5 47. Kc3 a3 48. Bb3 h4 49. gxh4 h6 50. Ba2 Na4+ 51. Kb3 Nb2 52. Kxa3 Nd3 53. Bb1 Nxf4 54. Bxf5 Kd5 55. e6 Nxe6 56. Kb2 Nd4 57. Bg4 Ke5 58. Kc3 Nf5 59. h5 Ne3 60. Bc8 Kf4 61. Kd3 Nf1 62. Ba6 Ng3 63. Kd2 Nxh5 64. Ke2 Ng3+ 65. Kf2 h5 66. Kg2 Nf5 67. Kh3 Kg5 68. Be2 h4 69. Bd1 Ne3 70. Bf3 Nc2 71. Be2 Nd4 72. Bd1 Ne6 73. Be2 Nf4+ 74. Kh2 Nxe2 0-1

[Event "Sochi ChessAmateur op10"]
[Site "Sochi"]
[Date "2018.10.17"]
[Round "8"]
[White "Vlassow, Valentin"]
[Black "Gharagyozyan, Artur"]
[Result "1/2-1/2"]
[WhiteElo "2281"]
[BlackElo "2296"]
[PlyCount "71"]
[EventDate "2018.10.12"]
[EventType "swiss"]
[EventRounds "9"]
[EventCountry "RUS"]
[SourceTitle "CBM 187 Extra"]
[Source "ChessBase"]
[SourceDate "2018.11.04"]
[SourceVersion "1"]
[SourceVersionDate "2018.11.04"]
[SourceQuality "1"]

1. e4 c5 2. Nf3 d6 3. Bb5+ Nd7 4. d4 cxd4 5. Qxd4 a6 6. Bxd7+ Bxd7 7. Bg5 h6 8. Bh4 Qa5+ 9. Nc3 Rc8 10. 0-0 Qc5 11. Qd3 g5 12. Bg3 Bg7 13. e5 dxe5 14. Rad1 Be6 15. Rfe1 Nf6 16. Bxe5 0-0 17. Nd4 Bg4 18. Rd2 Rfd8 19. Qg3 Bh5 20. h4 gxh4 21. Qxh4 Bg6 22. Re3 Qb4 23. Rg3 Qxb2 24. Nf5 Qc1+ 25. Kh2 Qxd2 26. Nxe7+ Kh7 27. Bxf6 Bxf6 28. Qxf6 Rd6 29. Qf3 Rxc3 30. Qxc3 Qxc3 31. Rxc3 Rd2 32. Nxg6 Kxg6 33. Kg3 f6 34. Rc7 b5 35. Rc6 a5 36. Rc5 1/2-1/2

[Event "Minsk Amateur op"]
[Site "Minsk"]
[Date "2018.06.30"]
[Round "8"]
[White "Lazavik, Denis"]
[Black "Vlassow, Valentin"]
[Result "0-1"]
[WhiteElo "2111"]
[BlackElo "2279"]
[PlyCount "114"]
[EventDate "2018.06.25"]
[EventType "swiss"]
[EventRounds "9"]
[EventCountry "BLR"]
[SourceTitle "CBM 185 Extra"]
[Source "ChessBase"]
[SourceDate "2018.07.29"]
[SourceVersion "1"]
[SourceVersionDate "2018.07.29"]
[SourceQuality "1"]

1. d4 d5 2. c4 dxc4 3. Nf3 Nf6 4. e3 Bg4 5. Bxc4 e6 6. h3 Bh5 7. Nc3 Nc6 8. 0-0 Bd6 9. Be2 0-0 10. b3 Qe7 11. Bb2 Rad8 12. Nh4 Bxe2 13. Qxe2 Nd5 14. Nf3 h6 15. Rfd1 Nxc3 16. Bxc3 a6 17. Nd2 e5 18. dxe5 Bxe5 19. Bxe5 Nxe5 20. Nf3 c5 21. Nxe5 Qxe5 22. a4 Rd5 23. Qc4 Rfd8 24. Rdc1 Rd2 25. Rab1 Rb2 26. Rd1 Rdd2 27. Rxd2 Rxd2 28. a5 Rxf2 29. Kxf2 Qf5+ 30. Ke2 Qxb1 31. Qd5 Qb2+ 32. Kd3 Qb1+ 33. Ke2 Qa2+ 34. Kf3 Qxa5 35. Qxb7 g6 36. Ke4 Kg7 37. Kd5 Qd2+ 38. Kxc5 Qxe3+ 39. Kc6 Qc3+ 40. Kd6 h5 41. Qd5 Qb4+ 42. Kd7 h4 43. Qe5+ Kh7 44. Qf6 Qxb3 45. Qxh4+ Kg8 46. Kd6 Qb6+ 47. Kd5 Qb5+ 48. Kd6 Qb6+ 49. Kd5 Qb7+ 50. Kd6 Qxg2 51. Kc5 Qd2 52. Qe4 Qc3+ 53. Kb6 Qxh3 54. Qe8+ Kg7 55. Qe5+ Kh7 56. Qf4 Qe6+ 57. Ka7 Kg7 0-1

[Event "Minsk Amateur op"]
[Site "Minsk"]
[Date "2018.06.29"]
[Round "7"]
[White "Vlassow, Valentin"]
[Black "Grebeniuk, Semen"]
[Result "1/2-1/2"]
[WhiteElo "2279"]
[BlackElo "2311"]
[PlyCount "88"]
[EventDate "2018.06.25"]
[EventType "swiss"]
[EventRounds "9"]
[EventCountry "BLR"]
[SourceTitle "CBM 185 Extra"]
[Source "ChessBase"]
[SourceDate "2018.07.29"]
[SourceVersion "1"]
[SourceVersionDate "2018.07.29"]
[SourceQuality "1"]

1. e4 c5 2. Nf3 g6 3. d4 cxd4 4. Nxd4 Bg7 5. Nc3 Nc6 6. Be3 Nf6 7. Be2 0-0 8. 0-0 d5 9. exd5 Nb4 10. d6 Qxd6 11. Ndb5 Qxd1 12. Raxd1 Bf5 13. Bf3 a6 14. Nd4 Bg4 15. Bxb7 Rab8 16. Bf3 Bxf3 17. gxf3 e5 18. Nb3 Nxc2 19. Bc5 Rfe8 20. Rd6 e4 21. fxe4 Nxe4 22. Nxe4 Rxe4 23. Rfd1 Bxb2 24. R1d2 Rc4 25. Rxa6 Re8 26. Kf1 h5 27. Rad6 Re1+ 28. Kg2 Be5 29. Rd8+ Kh7 30. Bd4 Nxd4 31. Nxd4 Re4 32. Nf3 Bf6 33. R8d7 Kg7 34. Rb7 Re7 35. Rxe7 Bxe7 36. Rd4 Rc2 37. Rd2 Rc3 38. a4 Ra3 39. Rd4 Ra2 40. Rc4 Bd8 41. Ne5 Bb6 42. Rf4 f5 43. Nd3 Kh6 44. Rb4 Ba7 1/2-1/2

[Event "Minsk Amateur op"]
[Site "Minsk"]
[Date "2018.06.27"]
[Round "4"]
[White "Sihite, Chelsie Monica"]
[Black "Vlassow, Valentin"]
[Result "1-0"]
[WhiteElo "2235"]
[BlackElo "2279"]
[PlyCount "91"]
[EventDate "2018.06.25"]
[EventType "swiss"]
[EventRounds "9"]
[EventCountry "BLR"]
[SourceTitle "CBM 185 Extra"]
[Source "ChessBase"]
[SourceDate "2018.07.29"]
[SourceVersion "1"]
[SourceVersionDate "2018.07.29"]
[SourceQuality "1"]

1. e4 c5 2. Nf3 g6 3. Bc4 Bg7 4. 0-0 Nc6 5. c3 d6 6. d4 cxd4 7. cxd4 Nf6 8. d5 Nb8 9. Nc3 Bg4 10. h3 Bxf3 11. Qxf3 0-0 12. Qe2 Nbd7 13. Be3 a6 14. a4 Rc8 15. a5 Qc7 16. Bb3 Nc5 17. Bc2 Nfd7 18. Rfc1 b5 19. axb6 Qxb6 20. Ba4 Nb8 21. Nd1 a5 22. Bb5 Rc7 23. Nc3 Qb7 24. Bxc5 Rxc5 25. Rxa5 Qb6 26. Rca1 Bxc3 27. bxc3 Rxc3 28. Ra8 Rb3 29. R1a5 Qd4 30. Ra2 Rb4 31. R8a4 Rb1+ 32. Kh2 Qe5+ 33. g3 h5 34. Rc2 h4 35. Ra3 hxg3+ 36. Rxg3 Kg7 37. Rcc3 Rh8 38. Kg2 Rh4 39. Rcf3 Rxe4 40. Qd3 Rb2 41. Be8 f5 42. Bxg6 Rf4 43. Bxf5+ Kh8 44. Rxf4 Qxf4 45. Qc3+ Qe5 46. Qc8# 1-0

[Event "Sochi ChessAmateur op"]
[Site "Sochi"]
[Date "2018.04.02"]
[Round "3"]
[White "Vlassow, Valentin"]
[Black "Fedotov, Alexey"]
[Result "1-0"]
[WhiteElo "2270"]
[BlackElo "2158"]
[PlyCount "117"]
[EventDate "2018.04.01"]
[EventType "swiss"]
[EventRounds "9"]
[EventCountry "RUS"]
[SourceTitle "CBM 184 Extra"]
[Source "ChessBase"]
[SourceDate "2018.06.28"]
[SourceVersion "1"]
[SourceVersionDate "2018.06.28"]
[SourceQuality "1"]

1. e4 c6 2. d4 d5 3. Nc3 dxe4 4. Nxe4 Nd7 5. Ng5 Ngf6 6. Bd3 e6 7. N1f3 Bd6 8. Qe2 h6 9. Ne4 Nxe4 10. Qxe4 Qc7 11. Qg4 Kf8 12. Bd2 c5 13. dxc5 Nxc5 14. 0-0 Nxd3 15. cxd3 e5 16. Qe4 Bd7 17. Bb4 Bxb4 18. Qxb4+ Kg8 19. Rac1 Bc6 20. Qc5 f6 21. d4 Qf7 22. dxe5 Bxf3 23. gxf3 fxe5 24. Rfe1 Qg6+ 25. Kh1 Kh7 26. Qxe5 Rhe8 27. Qg3 Qf6 28. b3 Rac8 29. Qg4 Rxc1 30. Rxc1 Re2 31. Kg2 Re5 32. h4 h5 33. Qg3 a5 34. Rc7 b5 35. Rf7 Qg6 36. Ra7 b4 37. f4 Qxg3+ 38. Kxg3 Rc5 39. Kf3 Kh6 40. Ra6+ g6 41. Re6 Rc2 42. f5 Rxa2 43. Rxg6+ Kh7 44. Ra6 Ra3 45. Kf4 Rxb3 46. Rxa5 Rb1 47. Rb5 b3 48. Kg5 b2 49. Rb7+ Kg8 50. Kf6 Rh1 51. Rxb2 Rxh4 52. f3 Ra4 53. Kg6 Ra8 54. f6 h4 55. Rb7 h3 56. Rg7+ Kf8 57. Rh7 Kg8 58. f7+ Kf8 59. Rh8+ 1-0

[Event "Orsha blitz op"]
[Site "Orsha"]
[Date "2018.02.03"]
[Round "6"]
[White "Grishchenko, Sergey"]
[Black "Vlassow, Valentin"]
[Result "1-0"]
[WhiteElo "2461"]
[BlackElo "2344"]
[PlyCount "41"]
[EventDate "2018.02.03"]
[EventType "swiss (blitz)"]
[EventRounds "9"]
[EventCountry "BLR"]
[SourceTitle "CBM 182 Extra"]
[Source "ChessBase"]
[SourceDate "2018.02.23"]
[SourceVersion "1"]
[SourceVersionDate "2018.02.23"]
[SourceQuality "1"]

1. d4 d5 2. c4 Bf5 3. cxd5 Bxb1 4. Rxb1 Qxd5 5. Qa4+ Nc6 6. Nf3 0-0-0 7. e3 e5 8. Bc4 Qe4 9. Ra1 Bb4+ 10. Kf1 Nh6 11. Bd2 Bd6 12. dxe5 Kb8 13. exd6 Rxd6 14. Bb5 Qg6 15. h3 Rhd8 16. Bc3 Nf5 17. Bxc6 Rxc6 18. Ne5 Nxe3+ 19. fxe3 Rf6+ 20. Kg1 Qg3 21. Qe4 1-0